Làm việc nhóm từ A đến Z
Sách trình bày tổng quát về các loại hình, nguyên tắc, bước phát triển trong làm việc nhóm cùng với những phương thức rèn luyện và tình huống cụ thể để phát triển các kỹ năng cần thiết cho công việc và trong quan hệ với mọi người....
Đã lưu trong:
| 主要作者: | |
|---|---|
| 格式: | 图书 |
| 语言: | Vietnamese |
| 出版: |
H.
Thế giới
2019
|
| 主题: | |
| 标签: |
添加标签
没有标签, 成为第一个标记此记录!
|
| Thư viện lưu trữ: | Thư viện Trường Đại học Nam Cần Thơ |
|---|
| LEADER | 01771nam a22002417a 4500 | ||
|---|---|---|---|
| 001 | NCT_90345 | ||
| 008 | 210621b xxu||||| |||| 00| 0 vie d | ||
| 999 | |c 4457 |d 4457 | ||
| 020 | |a 9786047760831 |c 89000 | ||
| 082 | 0 | 4 | |2 23rd ed. |a 658.4022 |b Th116 |
| 100 | 1 | |a Phan Văn Hồng Thắng | |
| 245 | 1 | 0 | |a Làm việc nhóm từ A đến Z |c Phan Văn Hồng Thắng |
| 260 | |a H. |b Thế giới |c 2019 | ||
| 300 | |a 207 tr. |c 21cm | ||
| 520 | 3 | |a Sách trình bày tổng quát về các loại hình, nguyên tắc, bước phát triển trong làm việc nhóm cùng với những phương thức rèn luyện và tình huống cụ thể để phát triển các kỹ năng cần thiết cho công việc và trong quan hệ với mọi người. | |
| 653 | |a Quản trị kinh doanh | ||
| 942 | |2 ddc |c BK | ||
| 952 | |0 0 |1 0 |2 ddc |4 0 |6 658_402200000000000_TH116 |7 0 |9 21354 |a 000001 |b 000001 |d 2021-06-21 |l 5 |m 1 |o 658.4022 Th116 |p MD.18637 |r 2022-02-19 |s 2021-12-27 |v 89000.00 |w 2021-06-21 |y BK | ||
| 952 | |0 0 |1 0 |2 ddc |4 0 |6 658_402200000000000_TH116 |7 0 |9 21355 |a 000001 |b 000001 |d 2021-06-21 |l 1 |o 658.4022 Th116 |p MD.18638 |q 2022-02-28 |r 2022-02-14 |s 2022-02-14 |v 89000.00 |w 2021-06-21 |y BK | ||
| 952 | |0 0 |1 0 |2 ddc |4 0 |6 658_402200000000000_TH116 |7 0 |9 21356 |a 000001 |b 000001 |d 2021-06-21 |o 658.4022 Th116 |p MD.18639 |r 2021-06-21 |v 89000.00 |w 2021-06-21 |y BK | ||
| 952 | |0 0 |1 0 |2 ddc |4 0 |6 658_402200000000000_TH116 |7 0 |9 21357 |a 000001 |b 000001 |d 2021-06-21 |o 658.4022 Th116 |p MD.18640 |r 2021-06-21 |v 89000.00 |w 2021-06-21 |y BK | ||
| 952 | |0 0 |1 0 |2 ddc |4 0 |6 658_402200000000000_TH116 |7 0 |9 21358 |a 000001 |b 000001 |d 2021-06-21 |o 658.4022 Th116 |p MD.18641 |r 2021-06-21 |v 89000.00 |w 2021-06-21 |y BK | ||
| 980 | |a Thư viện Trường Đại học Nam Cần Thơ | ||


